Outsourcing information systems. Vol 1 (Record no. 1902)

MARC details
000 -LEADER
fixed length control field 00468nam a2200169Ia 4500
008 - FIXED-LENGTH DATA ELEMENTS--GENERAL INFORMATION
fixed length control field 130318s9999 xx 000 0 und d
020 ## - INTERNATIONAL STANDARD BOOK NUMBER
International Standard Book Number 9781848604452
082 ## - DEWEY DECIMAL CLASSIFICATION NUMBER
Classification number 658.4038011 WIL/O.1
100 ## - MAIN ENTRY--PERSONAL NAME
Personal name Willcoks, Leslie
245 ## - TITLE STATEMENT
Title Outsourcing information systems. Vol 1
260 ## - PUBLICATION, DISTRIBUTION, ETC.
Name of publisher, distributor, etc. Sage
Place of publication, distribution, etc. London
Date of publication, distribution, etc. 2009
300 ## - PHYSICAL DESCRIPTION
Extent 349
650 ## - SUBJECT ADDED ENTRY--TOPICAL TERM
Topical term or geographic name entry element GLOBAL OUTSOURCING
650 ## - SUBJECT ADDED ENTRY--TOPICAL TERM
Topical term or geographic name entry element INFORMATION SYSTEM OUTSOURCING
650 ## - SUBJECT ADDED ENTRY--TOPICAL TERM
Topical term or geographic name entry element RELATIONSHIP MANAGEMENT
700 ## - ADDED ENTRY--PERSONAL NAME
Personal name Lacity, Mary
Holdings
Withdrawn status Lost status Source of classification or shelving scheme Damaged status Not for loan Collection code Home library Current library Shelving location Date acquired Cost, normal purchase price Total Checkouts Full call number Barcode Date last seen Price effective from Koha item type
    Dewey Decimal Classification     Knowledge Management/ Management Information System Kerala University of Digital Sciences, Innovation and Technology Knowledge Centre Kerala University of Digital Sciences, Innovation and Technology Knowledge Centre   18/03/2013 9096.00   R 658.4038011 WIL/O.V1 1919 18/03/2013 18/03/2013 Reference